Statistics for An Elder Scrolls Geography Quiz

Click here to take the quiz!

General Stats

  • This quiz has been taken 188 times
  • The average score is 30 of 41

Answer Stats

HintAnswer% Correct
Where the series takes placeTamriel
99%
Home of the Nords and Snow ElvesSkyrim
94%
The Heart of the EmpireCyrodiil
93%
Home of The Dark ElvesMorrowind
93%
Skyrim (Capital)Solitude
93%
Home of the KhajiitsElsweyr
92%
Home of the RedguardsHammerfell
92%
Home of the BretonHigh Rock
92%
Race of SkyrimNord
92%
Home of the High ElvesSummerset Isles
92%
The natives of Black MarshArgonian
91%
Home of the ArgoniansBlack Marsh
91%
Home of the Wood ElvesValenwood
91%
Also known as High ElfAltmer
90%
Also known as Wood ElfBosmer
90%
Also known as Dark ElfDunmer
90%
The race of ElsweyrKhajiit
90%
Known as the "Dwarves"Dwemer
89%
Cyrodiil (Capital)Imperial City
89%
Also known as Snow ElfFalmer
86%
North of the one aboveAtmora
85%
Also known as OrcOrsimer
84%
One of the original homes of the dragons and home of the BladesAkavir
83%
In the one above, Home of the OrcsOrsinium
80%
High Rock (Capital)Daggerfall
74%
Original home of the RedguardsYokuda
74%
Also known as Sea ElfMaormer
66%
Summerset Isles (Capital)Alinor
64%
The Serpent-like race of AkavirTsaesci
58%
The race of ThrasSload
57%
Hammerfell (Capital)Sentinel
54%
Home of the Sea ElvesPyandonea
52%
Morrowind (Capital)Blacklight
47%
The Birth Place of Man and MerAldmeris
46%
Known as the "Coral Kingdom"Thras
45%
The Tiger-Folk of AkavirKa Po Tun
43%
The "Snow Demons"Kamal
39%
The Monkey people of AkavirTang Mo
34%
Black Marsh (Capital)Stormhold
32%
Valenwood (Capital)Falinesti
24%
Elsweyr (Capital)Torval
24%

Score Distribution

Percentile by Number Answered

Percent of People with Each Score

Your Score History

You have not taken this quiz